| Tag |
First Indicator |
Second Indicator |
Subfields |
| LEADER |
00000cam a22000008a 4500 |
| 001 |
in00004493473 |
| 005 |
20211202133844.0 |
| 008 |
001020s2001 nju bf 001 0 eng |
| 010 |
|
|
|a 00052217
|
| 020 |
|
|
|a 1556425007 (alk. paper)
|
| 035 |
|
|
|a (OCoLC)ocm45244302
|
| 035 |
|
|
|z (UtOrBLW)30176
|
| 035 |
|
|
|a 45019
|
| 040 |
|
|
|a NLM
|c NLM
|d UtOrBLW
|
| 042 |
|
|
|a pcc
|
| 049 |
|
|
|a TMVM
|
| 060 |
1 |
0 |
|a WE 39
|b G198o 2001
|
| 100 |
1 |
|
|a Gann, Nancy.
|
| 245 |
1 |
0 |
|a Orthopaedics at a glance :
|b a handbook of disorders, tests, and rehabilitation strategies /
|c Nancy Gann.
|
| 246 |
3 |
|
|a Orthopedics at a glance :
|b a handbook of disorders, tests, and rehabilitation strategies
|
| 264 |
|
1 |
|a Thorofare, NJ :
|b Slack,
|c [2001]
|
| 264 |
|
4 |
|c ©2001
|
| 300 |
|
|
|a xi, 220 pages :
|b illustrations ;
|c 22 cm.
|
| 336 |
|
|
|a text
|2 rdacontent
|b txt
|
| 337 |
|
|
|a unmediated
|2 rdamedia
|
| 338 |
|
|
|a volume
|2 rdacarrier
|b nc
|
| 504 |
|
|
|a Includes bibliographical references and index.
|
| 650 |
|
2 |
|a Musculoskeletal Diseases
|x diagnosis.
|
| 650 |
|
2 |
|a Diagnostic Techniques and Procedures.
|
| 655 |
|
2 |
|a Handbook.
|
| 999 |
|
|
|a MARS
|
| 999 |
f |
f |
|s 46697e8c-3e1f-3f9d-82b8-b1132c537338
|i 508248eb-2b3c-3caf-9b07-2663acb6d1d8
|t 0
|
| 952 |
f |
f |
|p ric
|a Texas A&M University
|b Rellis Campus
|c Joint Library Facility
|d Remote Storage
|t 0
|e WE 39 G198o 2001
|h National Library of Medicine classification
|i unmediated -- volume
|m 3238901686249
|
| 998 |
f |
f |
|a WE 39 G198o 2001
|t 0
|l Remote Storage
|